Civil service regulations. V 2 (Record no. 20788)

MARC details
000 -LEADER
fixed length control field 00308nam a2200121Ia 4500
082 ## - DEWEY DECIMAL CLASSIFICATION NUMBER
Classification number 347
Item number CHA.2;1
100 ## - MAIN ENTRY--AUTHOR NAME
Personal name Lakhi Singh Chaudri
245 #0 - TITLE STATEMENT
Title Civil service regulations. V 2
250 ## - EDITION STATEMENT
Edition statement Ed.4
260 ## - PUBLICATION, DISTRIBUTION, ETC. (IMPRINT)
Place of publication Hoshiarpur
Name of publisher S Lakhi Singh
Year of publication 1961
942 ## - ADDED ENTRY ELEMENTS (KOHA)
Koha item type Books
Holdings
Withdrawn status Lost status Damaged status Not for loan Home library Current library Date acquired Cost, normal purchase price Full call number Accession Number Koha item type
        RRII Library RRII Library 16/12/2021 6.00 347 CHA.2;1 01509 Books